| 000 | 00537cam a2200193 i 4500 | ||
|---|---|---|---|
| 999 |
_c114677 _d114677 |
||
| 001 | 19857449 | ||
| 005 | 20191118094526.0 | ||
| 008 | 170801s2018 enk b 001 0 eng | ||
| 020 | _a9781472572059 (PB) | ||
| 040 | _cPK-LaUMT | ||
| 082 | 0 | 0 |
_a297.4 _223 _bSAR-I |
| 100 | 1 | _aSarıtoprak, Zeki | |
| 245 | 1 | 0 |
_aIslamic spirituality : _btheology and practice for the modern world / _cby Zeki Saritoprak |
| 260 |
_aLondon : _bBloomsbury, _c2018 |
||
| 300 |
_ax, 231 p. ; _c24 cm |
||
| 650 | 0 | _aIslam. | |
| 650 | 0 | _aSufism. | |
| 942 | _cBK | ||